|
|
|
|
| LEADER |
00000nam2a2200000 4500 |
| 001 |
37932 |
| 005 |
20231031004650.0 |
| 035 |
|
|
|a (RuTPU)RU\TPU\book\38526
|
| 090 |
|
|
|a 37932
|
| 100 |
|
|
|a 20020206d1987 km y0rusy50 ca
|
| 101 |
1 |
|
|a rus
|c eng
|
| 102 |
|
|
|a RU
|
| 105 |
|
|
|a a g 001zy
|
| 200 |
0 |
|
|a Т. 1
|
| 210 |
|
|
|d 1987
|
| 215 |
|
|
|a 561 с.
|c ил.
|
| 320 |
|
|
|a Библиогр.: с. 519-548.
|
| 320 |
|
|
|a Алф.-предм. указ.: с. 549-559.
|
| 461 |
|
1 |
|0 (RuTPU)RU\TPU\book\38524
|t Справочник по теплообменникам
|o пер. с англ.
|o В 2 т.
|v Т. 1
|d 1987
|
| 610 |
1 |
|
|a теплотехника
|
| 610 |
1 |
|
|a теплообменная аппаратура
|
| 610 |
1 |
|
|a теплообменники
|
| 610 |
1 |
|
|a уравнения
|
| 610 |
1 |
|
|a жидкости
|
| 610 |
1 |
|
|a механика
|
| 610 |
1 |
|
|a массообмен
|
| 610 |
1 |
|
|a течения
|
| 610 |
1 |
|
|a теплопроводность
|
| 610 |
1 |
|
|a кипение
|
| 610 |
1 |
|
|a испарения
|
| 610 |
1 |
|
|a теплообмен
|
| 610 |
1 |
|
|a излучение
|
| 610 |
1 |
|
|a справочники
|
| 675 |
|
|
|a 621.1.016.4(035)
|v 3
|
| 801 |
|
1 |
|a RU
|b 63413507
|c 20020206
|g PSBO
|
| 801 |
|
2 |
|a RU
|b 63413507
|c 20201007
|g PSBO
|
| 900 |
|
|
|a Расчет и конструирование технологического оборудования
|
| 942 |
|
|
|c BK
|